书目信息 |
| 题名: |
精读文萃
|
|
| 作者: | 刘锡庆 编 | |
| 分册: | ||
| 出版信息: | 北京 北京师范大学出版社 1985 |
|
| 页数: | 487页 | |
| 开本: | 20cm | |
| 丛书名: | ||
| 单 册: | ||
| 中图分类: | I217.1 , I211 | |
| 科图分类: | ||
| 主题词: | 文学--作品--中国--高等学校--课外读物 | |
| 电子资源: | ||
| ISBN: | ||
| 000 | 00689nam0 2200253 45 | |
| 001 | 1560896546 | |
| 005 | 20151110152023.56 | |
| 010 | @dCNY2.55 | |
| 091 | @aCN@b10243.37 | |
| 100 | @a19901106d1985 em y0chiy0121 ea | |
| 101 | 0 | @achi |
| 102 | @aCN@b110000 | |
| 105 | @ay z 000zy | |
| 200 | 10 | @a精读文萃@Ajing du wen cui@f刘锡庆编 |
| 210 | @a北京@c北京师范大学出版社@d1985 | |
| 215 | @a487页@d20cm | |
| 300 | @a高校文科、电大、业大、刊大自学高考写作课参考读物 | |
| 606 | @a文学@x作品@y中国@x高等学校@x课外读物 | |
| 690 | @aI217.1@v3 | |
| 690 | @aI211@v4 | |
| 701 | 0 | @a刘锡庆@Aliu xi qing@4编 |
| 801 | 0 | @aCN@bTSSF@c20150124 |
| 801 | 2 | @aCN@bNLC |
| 905 | @aZUCC@dI211@eJY32 | |
| 精读文萃/刘锡庆编.-北京:北京师范大学出版社,1985 |
| 487页;20cm |
| 高校文科、电大、业大、刊大自学高考写作课参考读物 |
| ISBN :CNY2.55 |
| ● |
| 相关链接 |
|
|
|
|
正题名:精读文萃
索取号:I211/JY32
 
预约/预借
| 序号 | 登录号 | 条形码 | 馆藏地/架位号 | 状态 | 备注 |
| 1 | 7842092 | 278420923 | 学院路分馆/ [索取号:I211/JY32] | 在馆 |